00422nam a22001577a 4500003000400000005001700004008004100021020001800062040002300080050001200103082002700115100002900142111001700171245003400188260004200222OSt20220111104413.0220111b |||||||| |||| 00| 0 eng d a0-442-23971-8 cHawassa university a635/SPL 2Third editiona635/SPL aSplittstoesser valter e. cNew library aVegetable growing handbook  aNew yorkbVan nostrand reinholdc1990